Taylor Swift - The Eras Tour Cities - Statistics

General Stats
  • This quiz has been taken 710 times
  • The average score is 40 of 52
Answer Stats
Country City % Correct
UK London
97%
UK London
97%
FRANCE Nanterre
96%
AUSTRALIA Sydney
95%
SPAIN Madrid
93%
JAPAN Tokyo
93%
USA Inglewood
92%
IRELAND Dublin
91%
USA Miami
91%
CANADA Toronto
91%
BRAZIL Rio de Janeiro
90%
USA East Rutherford
89%
PORTUGAL Lisbon
89%
MEXICO Mexico City
89%
NETHERLANDS Amsterdam
88%
AUSTRALIA Melbourne
87%
SWEDEN Stockholm
87%
AUSTRIA Vienna
87%
SINGAPORE Singapore
86%
ITALY Milan
85%
USA Arlington
83%
ARGENTINA Buenos Aires
83%
USA Chicago
83%
CANADA Vancouver
83%
POLAND Warsaw
83%
BRAZIL Sao Paulo
82%
GERMANY Munich
81%
USA Foxborough
78%
USA Houston
78%
USA Seattle
78%
UK Edinburgh
76%
USA Glendale
76%
SWITZERLAND Zurich
76%
UK Liverpool
74%
FRANCE Lyon
74%
USA Las Vegas
72%
USA Atlanta
71%
GERMANY Hamburg
71%
USA Philadelphia
71%
USA Nashville
68%
USA Denver
67%
USA New Orleans
66%
USA Detroit
61%
USA Tampa
61%
USA Kansas City
60%
UK Cardiff
57%
USA Indianapolis
57%
USA Minneapolis
53%
USA Pittsburgh
51%
USA Cincinnati
48%
GERMANY Gelsenkirchen
30%
USA Santa Clara
19%
No matching quizzes found
Score Distribution
Percent of People with Each Score
Percentile by Number Answered
Your Score History
You have not taken this quiz